| 000 | 02197nam0a2200385 4500 | ||
|---|---|---|---|
| 001 | RU\NLR\BIBL_A\022066278 | ||
| 005 | 20231114163230.0 | ||
| 010 |
_a978-5-699-99246-1 _93000 |
||
| 021 |
_aRU _bКН-П-23-063246 _9КН-П-23-6417 |
||
| 035 | _a(NLR Aleph) 022066278 | ||
| 035 | _a(RuMoRGB)012193469 | ||
| 090 |
_a12644334 _c12644334 |
||
| 100 | _a20231103d2023 b y0rusy50 ca | ||
| 101 | 0 | _arus | |
| 102 | _aRU | ||
| 105 | _aa|||z|||001zy | ||
| 181 | 0 |
_ai3 _baxxe |
|
| 181 | 0 |
_ab2 _bxb2e |
|
| 182 | 0 | _an | |
| 200 | 1 |
_aДинозавры юрского периода _e[от эксперта-палеонтолога _eдля дошкольного возраста] _fЯрослав Попов |
|
| 203 |
_aТекст _aИзображение _bвизуальные _cнепосредственные |
||
| 210 |
_aМосква _c#эксмодетство _cЭксмо _d2023 |
||
| 215 |
_a45, [2] с. _cцв. ил. _d25 |
||
| 225 | 1 |
_aПутешествие с динозаврами _eдревний мир от А до Я |
|
| 320 | _aАлф. указ.: с. 2 | ||
| 330 | _aЮрский период - это, бесспорно, самое известное и самое удивительное время существования динозавров. Это эпоха расцвета гигантских рептилий, которые заняли уголки всей планеты - от морских глубин до небесных высот. Как изменился мир после триасового периода? Почему это время называют золотым веком завроподов? Более 60 динозавров и других древних ящеров ждут тебя в этой книге | ||
| 333 | _a6+ | ||
| 606 | 1 |
_aДинозавры _jИздания для детей _2nlr_sh1 _2nlr_sh2 _3RU\NLR\AUTH\66118041 |
|
| 686 | 0 |
_aШ9 _bЕ1 |
|
| 700 | 1 |
_aПопов _bЯ. А. _cпалеонтолог _gЯрослав Александрович _3RU\NLR\AUTH\770229185 |
|
| 942 | _cBOOK | ||
| 980 | _aNB | ||